[Event "POL-chT (Women) 5th"]
[Site "Wroclaw"]
[Date "2012.11.30"]
[Round "1"]
[White "Korpalska, Joanna"]
[Black "Jakubiec, Edyta"]
[Result "0-1"]
[WhiteElo "1738"]
[BlackElo "2209"]
[PlyCount "34"]
[EventDate "2012.11.30"]
[EventType "team-tourn"]
[EventRounds "4"]
[EventCountry "POL"]
[SourceTitle "EXT 2019"]
[Source "ChessBase"]
[SourceDate "2018.10.10"]
[SourceVersion "1"]
[SourceVersionDate "2018.10.10"]
[SourceQuality "1"]
[WhiteTeam "Wroclaw MUKS MDK Srodmiescie (W)"]
[BlackTeam "Jaworzno JKSz MCKiS (W)"]
[WhiteTeamCountry "POL"]
[BlackTeamCountry "POL"]

1. e4 c5 2. Nf3 d6 3. d4 cxd4 4. Nxd4 Nf6 5. Nc3 a6 6. f3 e5 7. Nb3 Be7 8. a4 Be6 9. Nd5 Bxd5 10. exd5 Nbd7 11. a5 Rc8 12. Be3 0-0 13. Be2 Nh5 14. g3 f5 15. f4 exf4 16. Bc1 fxg3 17. Bxh5 g2 0-1

[Event "POL-chT U19 1st League"]
[Site "Suchedniow"]
[Date "2012.07.??"]
[Round "6"]
[White "Jablonska, Sabina"]
[Black "Korpalska, Joanna"]
[Result "1/2-1/2"]
[WhiteElo "1937"]
[BlackElo "1703"]
[PlyCount "105"]
[EventDate "2012.07.21"]
[EventType "team-swiss"]
[EventRounds "9"]
[EventCountry "POL"]
[SourceTitle "EXT 2014"]
[Source "ChessBase"]
[SourceDate "2013.11.20"]
[SourceVersion "1"]
[SourceVersionDate "2013.11.20"]
[SourceQuality "1"]
[WhiteTeam "Tomaszow Lubelski UKS GIM Dwojka U19"]
[BlackTeam "Wroclaw MUKS MDK Srodmiescie U19"]
[WhiteTeamCountry "POL"]
[BlackTeamCountry "POL"]

1. e4 e5 2. Bc4 Nf6 3. d3 Bc5 4. Nc3 d6 5. Bg5 h6 6. Bh4 g5 7. Bg3 a6 8. Nf3 Nc6 9. a3 Ne7 10. d4 exd4 11. Nxd4 Ng6 12. Nb3 Ba7 13. Qd2 Qe7 14. 0-0-0 Be6 15. Bxe6 fxe6 16. f3 0-0-0 17. Bf2 Bxf2 18. Qxf2 Kb8 19. Rhe1 Rhf8 20. Qd2 Nd7 21. Kb1 Nde5 22. Rf1 Rf6 23. Nc1 Rdf8 24. Nd3 Qf7 25. h3 Nc4 26. Qe2 h5 27. Nb4 Nce5 28. Nxa6+ bxa6 29. Qxa6 c6 30. Rd4 Qa7 31. Rb4+ Ka8 32. Qe2 Nf4 33. Qd2 Qc7 34. Na4 Rb8 35. Rxb8+ Kxb8 36. Qb4+ Ka7 37. Rd1 c5 38. Qd2 Rf8 39. Qxd6 Qxd6 40. Rxd6 Nxg2 41. Nxc5 Nf4 42. Nxe6 Rf6 43. Nd4 Rxd6 44. Nb5+ Kb6 45. Nxd6 Nxh3 46. Kc1 Nxf3 47. Kd1 Nf4 48. Nf5 h4 49. e5 Nxe5 50. Ke1 Nc4 51. Kf2 Nxb2 52. Kf3 Ne6 53. Nxh4 1/2-1/2

[Event "POL-chT U19 1st League"]
[Site "Suchedniow"]
[Date "2012.07.??"]
[Round "4"]
[White "Korpalska, Joanna"]
[Black "Grochocinska, Urszula"]
[Result "1/2-1/2"]
[WhiteElo "1703"]
[BlackElo "1776"]
[PlyCount "140"]
[EventDate "2012.07.21"]
[EventType "team-swiss"]
[EventRounds "9"]
[EventCountry "POL"]
[SourceTitle "EXT 2014"]
[Source "ChessBase"]
[SourceDate "2013.11.20"]
[SourceVersion "1"]
[SourceVersionDate "2013.11.20"]
[SourceQuality "1"]
[WhiteTeam "Wroclaw MUKS MDK Srodmiescie U19"]
[BlackTeam "Wroclaw KS Polonia U19 II"]
[WhiteTeamCountry "POL"]
[BlackTeamCountry "POL"]

1. e4 e5 2. Bc4 Nf6 3. d3 Nc6 4. Nc3 Bb4 5. f4 exf4 6. Bxf4 d5 7. exd5 Nxd5 8. Qe2+ Be6 9. Bxd5 Qxd5 10. Bxc7 Nd4 11. Qd2 Rc8 12. Bf4 Qa5 13. Nge2 Nxe2 14. Qxe2 Bxc3+ 15. bxc3 Qxc3+ 16. Kf2 Qxc2 17. Rhc1 Qxe2+ 18. Kxe2 Kd7 19. a3 Bd5 20. Kf2 Bc6 21. Be3 a6 22. Bc5 Rhe8 23. Re1 Re6 24. Rxe6 fxe6 25. d4 Bd5 26. Rb1 b5 27. Re1 a5 28. g3 Rb8 29. Rb1 Rb7 30. Ke3 Kc6 31. Rb2 e5 32. Rc2 Bc4 33. Rb2 exd4+ 34. Bxd4 Re7+ 35. Kd2 Rb7 36. Kc3 Kd5 37. Be3 Ke4 38. Bf4 Rd7 39. Rd2 Bd3 40. Rb2 Rd5 41. h4 Rd4 42. Rd2 b4+ 43. axb4 axb4+ 44. Kb3 h6 45. Rf2 Kd5 46. Bd2 Rg4 47. Bxb4 Rxg3 48. Kc3 Bc4+ 49. Kd2 Ke4 50. Rf8 Rd3+ 51. Ke1 Re3+ 52. Kf2 Rb3 53. Be7 Rb1 54. Kg2 Be6 55. Rf2 Bd5 56. Kg3 Rb3+ 57. Kh2 Rc3 58. Bd8 Kd3 59. Bb6 Rc1 60. Bd8 Ke3 61. Bb6+ Kd3 62. Bd8 Rh1+ 63. Kg3 Rg1+ 64. Kf4 Rb1 65. Be7 Rb7 66. Bc5 Rc7 67. Bb6 Rc4+ 68. Kg3 g5 69. hxg5 h5 70. Rf4 Rxf4 1/2-1/2

[Event "POL-chT U19 1st League"]
[Site "Suchedniow"]
[Date "2012.07.??"]
[Round "9"]
[White "Korpalska, Joanna"]
[Black "Tracz, Marcelina"]
[Result "1-0"]
[WhiteElo "1703"]
[BlackElo "1686"]
[PlyCount "37"]
[EventDate "2012.07.21"]
[EventType "team-swiss"]
[EventRounds "9"]
[EventCountry "POL"]
[SourceTitle "EXT 2014"]
[Source "ChessBase"]
[SourceDate "2013.11.20"]
[SourceVersion "1"]
[SourceVersionDate "2013.11.20"]
[SourceQuality "1"]
[WhiteTeam "Wroclaw MUKS MDK Srodmiescie U19"]
[BlackTeam "Wieliczka MKS MOS U19"]
[WhiteTeamCountry "POL"]
[BlackTeamCountry "POL"]

1. e4 e5 2. Nf3 Nc6 3. Bc4 Bc5 4. c3 Nf6 5. d3 d6 6. Bb3 Bb6 7. Nbd2 Ne7 8. Nf1 0-0 9. Ng3 Ng6 10. 0-0 c6 11. h3 Be6 12. d4 exd4 13. cxd4 d5 14. Ng5 Bc7 15. e5 Ne8 16. Qh5 h6 17. Nxe6 fxe6 18. Qxg6 Qe7 19. Bc2 1-0

[Event "Wroclaw Cup-B"]
[Site "Wroclaw"]
[Date "2012.05.02"]
[Round "5"]
[White "Korpalska, Joanna"]
[Black "Ogonowska, Katarzyna"]
[Result "1-0"]
[WhiteElo "1611"]
[BlackElo "1866"]
[PlyCount "61"]
[EventDate "2012.04.30"]
[EventType "swiss"]
[EventRounds "9"]
[EventCountry "POL"]
[SourceTitle "EXT 2013"]
[Source "ChessBase"]
[SourceDate "2012.11.22"]
[SourceVersion "1"]
[SourceVersionDate "2012.11.22"]
[SourceQuality "1"]

1. e4 g6 2. d4 Bg7 3. f4 e6 4. Nf3 d6 5. e5 b6 6. Nc3 Bb7 7. Be3 Ne7 8. Bd3 Nf5 9. Bf2 dxe5 10. dxe5 0-0 11. Qe2 c5 12. 0-0-0 Qc8 13. Ne4 Nc6 14. c3 Rd8 15. g4 Nfe7 16. Nd6 Qc7 17. Ng5 Nd5 18. Qf3 Nxf4 19. Qxf4 Nxe5 20. Be4 Rxd6 21. Kc2 Rad8 22. Rxd6 Rxd6 23. Bxb7 Qxb7 24. Re1 Qd7 25. Bg3 Rd5 26. Rf1 Qe7 27. Ne4 Nd7 28. Qc7 Kf8 29. Bd6 Rxd6 30. Nxd6 f5 31. Qc8+ 1-0

[Event "Wroclaw Cup-B"]
[Site "Wroclaw"]
[Date "2012.05.01"]
[Round "2"]
[White "Korpalska, Joanna"]
[Black "Oszczanowski, Witold"]
[Result "1-0"]
[WhiteElo "1611"]
[BlackElo "1884"]
[PlyCount "39"]
[EventDate "2012.04.30"]
[EventType "swiss"]
[EventRounds "9"]
[EventCountry "POL"]
[SourceTitle "EXT 2013"]
[Source "ChessBase"]
[SourceDate "2012.11.22"]
[SourceVersion "1"]
[SourceVersionDate "2012.11.22"]
[SourceQuality "1"]

1. e4 c5 2. Nf3 Nc6 3. d4 cxd4 4. Nxd4 Nf6 5. Nc3 d6 6. Be3 Ng4 7. Nxc6 bxc6 8. Bf4 Qb6 9. Qd2 Qxb2 10. Rb1 Qa3 11. h3 Ne5 12. Bxe5 dxe5 13. Nb5 Qd6 14. Nxd6+ exd6 15. Qc3 Bd7 16. Rb7 Be7 17. Bc4 Rf8 18. Qa5 Bd8 19. Qa3 c5 20. Bd5 1-0

[Event "Gora Sw Anny op 5th"]
[Site "Gora Sw Anny"]
[Date "2012.01.16"]
[Round "6"]
[White "Malecki, Mateusz"]
[Black "Korpalska, Joanna"]
[Result "1-0"]
[WhiteElo "1343"]
[BlackElo "1634"]
[PlyCount "57"]
[EventDate "2012.01.11"]
[EventType "swiss"]
[EventRounds "9"]
[EventCountry "POL"]
[SourceTitle "CBM 146 Extra"]
[Source "ChessBase"]
[SourceDate "2012.02.29"]
[SourceVersion "1"]
[SourceVersionDate "2012.02.29"]
[SourceQuality "1"]

1. e4 e5 2. Nf3 Nc6 3. d4 exd4 4. Nxd4 Nf6 5. Nxc6 bxc6 6. Bd3 d5 7. exd5 cxd5 8. 0-0 Be7 9. Nc3 0-0 10. Bf4 c6 11. Re1 Bg4 12. Qd2 Nh5 13. h3 Nxf4 14. Qxf4 Be6 15. Ne2 Rb8 16. b3 Rb4 17. Qe3 Bd6 18. Nd4 Bd7 19. c3 Rb7 20. b4 Qf6 21. Qf3 Qh4 22. Bf5 Qd8 23. b5 c5 24. Nc6 Qf6 25. Bxd7 Qxf3 26. gxf3 Rxd7 27. Rad1 Rc8 28. Rxd5 Rcc7 29. Rxd6 1-0

[Event "Gora Sw Anny op 5th"]
[Site "Gora Sw Anny"]
[Date "2012.01.15"]
[Round "5"]
[White "Korpalska, Joanna"]
[Black "Wisniewski, Michal"]
[Result "0-1"]
[WhiteElo "1634"]
[BlackElo "1808"]
[PlyCount "50"]
[EventDate "2012.01.11"]
[EventType "swiss"]
[EventRounds "9"]
[EventCountry "POL"]
[SourceTitle "CBM 146 Extra"]
[Source "ChessBase"]
[SourceDate "2012.02.29"]
[SourceVersion "1"]
[SourceVersionDate "2012.02.29"]
[SourceQuality "1"]

1. e4 e6 2. d4 d5 3. Nc3 Bb4 4. exd5 exd5 5. Bd3 Nf6 6. Nge2 Bg4 7. f3 Bh5 8. Nf4 Bg6 9. Nxg6 hxg6 10. Qe2+ Be7 11. Bf4 a6 12. 0-0-0 Nc6 13. Qf2 Qd7 14. h3 0-0-0 15. Rhe1 Nh5 16. Bh2 f5 17. Be5 Nxe5 18. Rxe5 Nf4 19. Qd2 Bg5 20. Kb1 Nxh3 21. Qe1 Nf4 22. g3 Nxd3 23. Rxd3 Qf7 24. Na4 Rh2 25. Qb4 Bd2 0-1